| 000 | 01154cam a2200325 a 4500 | ||
|---|---|---|---|
| 001 | 15792218 | ||
| 003 | OSt | ||
| 005 | 20140311162957.0 | ||
| 008 | 090625s2011 maua b 001 0 eng | ||
| 010 | _a 2009025476 | ||
| 020 | _a9780073378770 (hardcover : alk. paper) | ||
| 020 | _a0073378771 (hardcover : alk. paper) | ||
| 040 |
_aDLC _cDLC _dDLC |
||
| 050 | 0 | 0 |
_aLB 1139.23 _b.G65 2011 |
| 100 | 1 | _aGonzalez-Mena, Janet. | |
| 245 | 1 | 0 |
_aFoundations of early childhood education : _bteaching children in a diverse society / _cJanet Gonzalez-Mena. |
| 250 | _a5th ed. | ||
| 260 |
_aBoston : _bMcGraw Hill, _cc2011. |
||
| 300 |
_a1 v. (varioues pagings) : _bill. ; _c24 cm.. |
||
| 500 | _aIncludes bibliographical references (p. r-1 - c-1) and index. | ||
| 521 | _aEDU | ||
| 526 | _c1210L to 1700L | ||
| 562 | _efor circulation : 1 copy available in the collection | ||
| 650 | 0 | _aEarly childhood education. | |
| 650 | 0 | _aMulticultural education. | |
| 906 |
_a7 _bcbc _corignew _d1 _eecip _f20 _gy-gencatlg |
||
| 942 |
_2lcc _cBK _kLOC |
||
| 999 |
_c39085 _d39085 |
||